|
|
|
|
| LEADER |
00781nam a2200265Ia 4500 |
| 008 |
141004s9999 xx 000 0 und d |
| 020 |
|
|
|a 81 261 138 0
|
| 040 |
|
|
|c a
|
| 041 |
|
|
|a English
|
| 082 |
|
|
|a 363.7
|
| 082 |
|
|
|b SHA/HI
|
| 100 |
|
|
|a BD Sharma
|
| 245 |
|
|
|a Himalayan environment conservation
|
| 245 |
|
|
|c BD Sharma
|
| 260 |
|
|
|a New Delhi
|
| 260 |
|
|
|b Anmol publications PVT.LTD.
|
| 260 |
|
|
|c 2002
|
| 300 |
|
|
|a 204 p
|
| 300 |
|
|
|b 22 cm
|
| 365 |
|
|
|a Rs.500
|
| 501 |
|
|
|a COF
|
| 650 |
|
|
|a River pollution control
|
| 942 |
|
|
|c BK
|
| 999 |
|
|
|c 173189
|d 173189
|
| 952 |
|
|
|0 0
|1 0
|4 0
|6 363_750000000000000
|7 0
|8 ENV
|9 178320
|a KAUCOF
|b KAUCOF
|g 500.00
|o 363.75
|p KAU_COF-3617
|r 2014-10-04
|w 2014-10-04
|y BK
|